| 000 | 003810000a22000970004500 | ||
|---|---|---|---|
| 100 | 1 | _aSpahr, Jean | |
| 245 | 1 | 0 | _aLatin American School celebrates golden anniversary : For 50 years this LAM-founded school in Colombia has effered a christian education to children |
| 300 | _aVol. 78, Num. 3 (Julio-Septiembre,1988), Páginas 18-19 | ||
| 773 | 0 | _tLatin America Evangelist | |
| 942 | _cANA | ||
| 999 |
_c55137 _d55137 |
||